| 000 | 00539nam a22001577a 4500 | ||
|---|---|---|---|
| 003 | NUST | ||
| 082 | _a200 | ||
| 100 |
_aLiaqat, Maryam _9122996 |
||
| 245 |
_aEMERGENCE AND TRANSFORMATION OF TRUST IN WORK TEAMS: A MULTIPLE CASE STUDY OF IT TEAMS/ _cMaryam Liaqat, |
||
| 264 |
_aIslamabad, _bNBS NUST, _c2024, |
||
| 300 |
_a153,p; _bill; _c30,cm. |
||
| 650 |
_aMS-Management and Human Resource _9122991 |
||
| 700 |
_aSupervisor:Dr. Madiha Gohar _9119923 |
||
| 856 | _uhttp://10.250.8.41:8080/xmlui/handle/123456789/43494 | ||
| 942 |
_2ddc _cTHE |
||
| 999 |
_c609341 _d609341 |
||